01107nam a2200205Ia 4500008004100000020001600041041001200057082001600069100001500085245006200100260002500162300000800187650000800195942000700203999001500210952017200225952016000397952017200557952017200729221030s9999 xx 000 0 und d a00709966784 aEnglish a105.23bZba aP. B. Zbar 0aIndustrial Electronics : A Text Lab Manualcby P. B. Zbar bTMHaNew Delhic2004 a278 aECE cBK c4128d4128 pBE 8321g235.00l0o105.23 Zbar2024-06-13 00:00:00w2022-10-30yBK003Print4070aMIETLIBbMIETLIBcBL-Academic Block- A, FL-1, CUP-10, SH-6, R-6d2006-11-0110HBE pBE 8322g235.00l0o105.23 Zbar2024-06-13 00:00:00w2022-10-30yBK003Print4070aMIETLIBbMIETLIBcBL-First, FL-1, CUP-10, SH-6, R-6d2006-11-0110HBE pBE 8323g235.00l0o105.23 Zbar2024-06-13 00:00:00w2022-10-30yBK003Print4070aMIETLIBbMIETLIBcBL-Academic Block- A, FL-1, CUP-10, SH-6, R-6d2006-11-0110HBE pBE 8324g235.00l0o105.23 Zbar2024-06-13 00:00:00w2022-10-30yBK003Print4070aMIETLIBbMIETLIBcBL-Academic Block- A, FL-1, CUP-10, SH-6, R-6d2006-11-0110HBE